| 000 | 00560nam a22001577a 4500 | ||
|---|---|---|---|
| 003 | SGT | ||
| 020 | _a9789384319342 | ||
| 082 | _a658.4012,GUP | ||
| 100 | _aGUPTA,C.B | ||
| 245 | _aSTRATEGIC MANAGEMENT: TEXT AND CASES | ||
| 260 |
_aNEW DELHI _bS.CHAND _c2014 |
||
| 300 | _a394 | ||
| 650 | _aEXECUTIVE MANAGEMENT | ||
| 653 | _aPART - I CONCEPTUAL FRAMEWORK PART - II STRATEGIC INTENT PART - III STRATEGY FORMULATION PART - IV STRATEGY IMPLEMENTATION PART - V STRATEGY EVALUATION AND CONTROL PART - VI STRATEGIC MANAGEMENT IN SPECIFIED AREAS | ||
| 942 |
_2ddc _cFCM |
||
| 999 |
_c8979 _d8979 |
||